| 000 | 00522nam a2200193Ia 4500 | ||
|---|---|---|---|
| 005 | 20260429112052.0 | ||
| 008 | 260429s9999||||xx |||||||||||||| ||und|| | ||
| 020 | _a9781835352571 | ||
| 041 | _aEnglish | ||
| 082 |
_a155.4 _bDAW |
||
| 100 | _aDawson, Peg | ||
| 245 | 0 |
_aPsychology of child growth and education / _cPeg Dawson |
|
| 250 | _a1st ed. | ||
| 260 |
_aLondon : _bETP ED- Tech Press, _c2025. |
||
| 300 | _axiii, 275 p.; hb | ||
| 650 | _a Educational psychology | ||
| 650 | _aChild psychology | ||
| 942 | _cTB | ||
| 999 |
_c52184 _d52184 |
||